Networking of Chaperones by Co-Chaperones

"The Networking of Chaperones by Co-chaperones" updates the current understanding of how chaperones are regulated and networked, and is a resource for those in the specialized field of cell stress and chaperones. The book will also be of interest to those in broader cross-cutting field suc...

Full description

Bibliographic Details
Main Author: Blatch, Gregory L. (Author)
Corporate Author: SpringerLink (Online service)
Format: Electronic eBook
Language:English
Published: New York, NY : Springer New York, 2007.
Series:Molecular Biology Intelligence Unit
Subjects:
Online Access:Full Text via HEAL-Link
LEADER 02589nam a22004575i 4500
001 978-0-387-49310-7
003 DE-He213
005 20151204191613.0
007 cr nn 008mamaa
008 100607s2007 xxu| s |||| 0|eng d
020 |a 9780387493107  |9 978-0-387-49310-7 
024 7 |a 10.1007/978-0-387-49310-7  |2 doi 
040 |d GrThAP 
050 4 |a QH573-671 
072 7 |a PSF  |2 bicssc 
072 7 |a SCI049000  |2 bisacsh 
082 0 4 |a 571.6  |2 23 
100 1 |a Blatch, Gregory L.  |e author. 
245 1 0 |a Networking of Chaperones by Co-Chaperones  |h [electronic resource] /  |c by Gregory L. Blatch. 
264 1 |a New York, NY :  |b Springer New York,  |c 2007. 
300 |a XVI, 140 p. 38 illus.  |b online resource. 
336 |a text  |b txt  |2 rdacontent 
337 |a computer  |b c  |2 rdamedia 
338 |a online resource  |b cr  |2 rdacarrier 
347 |a text file  |b PDF  |2 rda 
490 1 |a Molecular Biology Intelligence Unit 
505 0 |a Nucleotide Exchange Factors for Hsp70 Molecular Chaperones -- Functions of the Hsp90-Binding FKBP Immunophilins -- Hop: An Hsp70/Hsp90 Co-Chaperone That Functions Within and Beyond Hsp70/Hsp90 Protein Folding Pathways -- Do Hsp40s Act as Chaperones or Co-Chaperones? -- The Chaperone And Co-Chaperone Activities of Cdc37 during Protein Kinase Maturation -- UNC-45: A Chaperone for Myosin and a Co-Chaperone for Hsp90 -- The Roles of GroES as a Co-Chaperone for GroEL -- Co-Chaperones of the Endoplasmic Reticulum -- The Evolution and Function of Co-Chaperones in Mitochondria -- From Creator to Terminator: Co-Chaperones That Link Molecular Chaperones to the Ubiquitin/Proteasome System -- The Role of Hsp70 and Its Co-Chaperones in Protein Misfolding, Aggregation and Disease. 
520 |a "The Networking of Chaperones by Co-chaperones" updates the current understanding of how chaperones are regulated and networked, and is a resource for those in the specialized field of cell stress and chaperones. The book will also be of interest to those in broader cross-cutting field such as cellular networks and systems biology. 
650 0 |a Life sciences. 
650 0 |a Medical microbiology. 
650 0 |a Cell biology. 
650 1 4 |a Life Sciences. 
650 2 4 |a Cell Biology. 
650 2 4 |a Medical Microbiology. 
710 2 |a SpringerLink (Online service) 
773 0 |t Springer eBooks 
776 0 8 |i Printed edition:  |z 9780387493084 
830 0 |a Molecular Biology Intelligence Unit 
856 4 0 |u http://dx.doi.org/10.1007/978-0-387-49310-7  |z Full Text via HEAL-Link 
912 |a ZDB-2-SBL 
950 |a Biomedical and Life Sciences (Springer-11642)